[Event "Mittelfrank Regionalliga Sud-Ost 2223"]
[Site "Mittelfranken"]
[Date "2022.12.11"]
[Round "4.3"]
[White "Wilhelm, Robert"]
[Black "Hiermann, Dietmar"]
[Result "0-1"]
[WhiteElo "2104"]
[BlackElo "2160"]
[PlyCount "86"]
[EventDate "2022.10.09"]
[EventType "team-tourn"]
[EventRounds "9"]
[EventCountry "GER"]
[SourceTitle "EXT 2024"]
[Source "ChessBase"]
[SourceDate "2023.10.10"]
[SourceVersion "1"]
[SourceVersionDate "2023.10.10"]
[SourceQuality "1"]
[WhiteTeam "Bruckmuehl"]
[BlackTeam "Passau II"]
[WhiteTeamCountry "GER"]
[BlackTeamCountry "GER"]

1. e4 e5 2. Nf3 Nc6 3. Nc3 Nf6 4. Bb5 Bd6 5. 0-0 0-0 6. d3 h6 7. h3 Re8 8. a4 Bf8 9. Re1 a6 10. Bc4 Bb4 11. Bd2 d6 12. Ne2 Bxd2 13. Qxd2 Be6 14. Ng3 Qd7 15. c3 Bxc4 16. dxc4 Na5 17. Qe2 Nb3 18. Ra3 Nc5 19. Qc2 a5 20. Rea1 Qc6 21. Nd2 Ne6 22. Qb3 b6 23. Re1 g6 24. Qd1 Kg7 25. b3 Rf8 26. Ra2 Rae8 27. Ndf1 h5 28. h4 Ng4 29. Ne3 Nxe3 30. Rxe3 Qa8 31. Nf1 Nc5 32. f3 Qd8 33. g3 f5 34. b4 f4 35. Ree2 Ne6 36. Qe1 axb4 37. cxb4 Nd4 38. Rf2 fxg3 39. Nxg3 Nxf3+ 40. Rxf3 Rxf3 41. Nf1 Ref8 42. Ne3 Qf6 43. Rg2 Rf4 0-1

[Event "Mittelfrank Regionalliga Sud-Ost 2223"]
[Site "Mittelfranken"]
[Date "2022.10.09"]
[Round "1.3"]
[White "Hobmeier, Luis"]
[Black "Wilhelm, Robert"]
[Result "1/2-1/2"]
[WhiteElo "1895"]
[BlackElo "2104"]
[PlyCount "79"]
[EventDate "2022.10.09"]
[EventType "team-tourn"]
[EventRounds "9"]
[EventCountry "GER"]
[SourceTitle "EXT 2024"]
[Source "ChessBase"]
[SourceDate "2023.10.10"]
[SourceVersion "1"]
[SourceVersionDate "2023.10.10"]
[SourceQuality "1"]
[WhiteTeam "Moosburg"]
[BlackTeam "Bruckmuehl"]
[WhiteTeamCountry "GER"]
[BlackTeamCountry "GER"]

1. e4 c5 2. Nf3 d6 3. d4 cxd4 4. Nxd4 Nf6 5. Nc3 Bd7 6. Bg5 e6 7. Qd2 a6 8. 0-0-0 Nc6 9. f4 Be7 10. Bxf6 Bxf6 11. Nxc6 Bxc6 12. Qe3 Qa5 13. Bc4 Qc5 14. Qxc5 dxc5 15. e5 Be7 16. Rd2 g5 17. f5 b5 18. f6 bxc4 19. fxe7 Kxe7 20. Rd6 Rac8 21. Rhd1 Rhd8 22. Rxd8 Rxd8 23. Rxd8 Kxd8 24. g3 Ke7 25. Kd2 f6 26. exf6+ Kxf6 27. Ke3 Kf5 28. Nd1 Ba4 29. Ke2 Kf6 30. Kd2 Bc6 31. Nf2 Bd5 32. c3 h5 33. Ke3 Kf5 34. Kd2 h4 35. Ke3 hxg3 36. hxg3 Ke5 37. Ng4+ Kf5 38. Nf2 Ke5 39. Ng4+ Kf5 40. Nf2 1/2-1/2

[Event "Regionalliga Sued-Ost 1819"]
[Site "Bayern"]
[Date "2019.01.20"]
[Round "5.2"]
[White "Wilhelm, Robert"]
[Black "Absmaier, Friedrich"]
[Result "1-0"]
[WhiteElo "2047"]
[BlackElo "2054"]
[PlyCount "79"]
[EventDate "2018.10.21"]
[EventType "team-tourn"]
[EventRounds "9"]
[EventCountry "GER"]
[SourceTitle "EXT 2022"]
[Source "ChessBase"]
[SourceDate "2021.10.06"]
[SourceVersion "1"]
[SourceVersionDate "2021.10.06"]
[SourceQuality "1"]
[WhiteTeam "Bruckmühl SK"]
[BlackTeam "Starnberg SC"]
[WhiteTeamCountry "GER"]
[BlackTeamCountry "GER"]

1. e4 e6 2. d4 d5 3. Bd3 Nf6 4. e5 Nfd7 5. Nf3 c5 6. c3 Nc6 7. 0-0 Be7 8. a3 a5 9. Re1 Qb6 10. Bc2 g5 11. Bxg5 Bxg5 12. Nxg5 Qxb2 13. Nd2 Qxc3 14. Qh5 Nd8 15. Nxh7 Rg8 16. Ba4 Qxd2 17. Nf6+ Kf8 18. Nxg8 Kxg8 19. Rad1 Qf4 20. Re3 cxd4 21. Rxd4 Qf5 22. Rg3+ Kf8 23. Qh8+ Ke7 24. Rg8 Qxe5 25. Qh4+ Kd6 26. Rd1 Nc6 27. Rg5 Qf6 28. Qg3+ Ke7 29. h4 Rb8 30. Re1 d4 31. Rd5 Kf8 32. Rg5 e5 33. f4 b5 34. fxe5 Ndxe5 35. Bb3 Be6 36. Bxe6 Qxe6 37. Rg8+ Ke7 38. Rxb8 Kd6 39. Rxb5 Qc4 40. Rbxe5 1-0

[Event "Regionalliga Sued-Ost 1819"]
[Site "Bayern"]
[Date "2018.11.25"]
[Round "3.2"]
[White "Wilhelm, Robert"]
[Black "Thiel, Fabian"]
[Result "1-0"]
[WhiteElo "2047"]
[BlackElo "2101"]
[PlyCount "63"]
[EventDate "2018.10.21"]
[EventType "team-tourn"]
[EventRounds "9"]
[EventCountry "GER"]
[SourceTitle "EXT 2022"]
[Source "ChessBase"]
[SourceDate "2021.10.06"]
[SourceVersion "1"]
[SourceVersionDate "2021.10.06"]
[SourceQuality "1"]
[WhiteTeam "Bruckmühl SK"]
[BlackTeam "Tegernsee TV"]
[WhiteTeamCountry "GER"]
[BlackTeamCountry "GER"]

1. e4 e5 2. Nf3 Nc6 3. c3 Nf6 4. d4 exd4 5. e5 Qe7 6. cxd4 Ne4 7. Bd3 d5 8. 0-0 Bg4 9. Be3 f6 10. exf6 gxf6 11. Nc3 0-0-0 12. Be2 Rg8 13. Kh1 Qg7 14. Rg1 f5 15. Qf1 Be7 16. Rd1 Bf6 17. Ne5 Nxc3 18. bxc3 Nxe5 19. dxe5 Bxe5 20. f3 Bh5 21. Bxa7 Bxh2 22. Bd3 Bg6 23. Kxh2 Qh6+ 24. Kg3 d4 25. Bxd4 Rxd4 26. cxd4 Qe3 27. Qe1 Bh5+ 28. Kh2 Qf4+ 29. g3 Qh6 30. Kg2 f4 31. Bf5+ Kb8 32. g4 1-0

[Event "Regionalliga Sued-Ost 1718"]
[Site "Bayern"]
[Date "2018.04.15"]
[Round "9.2"]
[White "Wilhelm, Robert"]
[Black "Kreuzer, Klaus"]
[Result "0-1"]
[WhiteElo "2055"]
[BlackElo "2037"]
[PlyCount "130"]
[EventDate "2017.10.22"]
[EventType "team-tourn"]
[EventRounds "9"]
[EventCountry "GER"]
[SourceTitle "EXT 2022"]
[Source "ChessBase"]
[SourceDate "2021.10.06"]
[SourceVersion "1"]
[SourceVersionDate "2021.10.06"]
[SourceQuality "1"]
[WhiteTeam "Bruckmuehl SK"]
[BlackTeam "Bayerwald Regen/Zwiesel"]
[WhiteTeamCountry "GER"]
[BlackTeamCountry "GER"]

1. e4 d6 2. d4 g6 3. Nc3 Bg7 4. Be3 a6 5. Nf3 b5 6. Bd3 Bb7 7. 0-0 Nd7 8. Ne2 c5 9. c3 Qc7 10. a4 c4 11. Bc2 Ngf6 12. Ng3 0-0 13. h3 e5 14. Qd2 Rfe8 15. d5 Nc5 16. Bh6 Bxh6 17. Qxh6 Qe7 18. Rfe1 Nfd7 19. h4 Qf6 20. Nd2 Nb6 21. axb5 axb5 22. h5 Qg7 23. Qe3 Qf6 24. hxg6 hxg6 25. Qh6 Nbd7 26. f3 Rxa1 27. Rxa1 Ra8 28. Rxa8+ Bxa8 29. Qe3 Kg7 30. Ne2 Bb7 31. Nc1 Qd8 32. b3 cxb3 33. Ndxb3 Qa8 34. f4 Nxb3 35. Bxb3 exf4 36. Qxf4 Ne5 37. Qd2 Qa3 38. Bd1 Bc8 39. Nb3 Bg4 40. Bxg4 Qxb3 41. Bd1 Qb1 42. Qc2 Qa1 43. Kh2 Qa3 44. Qb3 Qc1 45. Qc2 Qf4+ 46. g3 Qe3 47. Kg2 Nc4 48. Be2 Nd2 49. Qd3 Qxe4+ 50. Kf2 Qxd3 51. Bxd3 Kf6 52. Ke3 Nb3 53. Bxb5 g5 54. Be8 Ke7 55. Ba4 Nc5 56. Bc2 Kf6 57. Kd4 g4 58. Bd1 Kg5 59. Ke3 f5 60. Be2 Ne4 61. c4 Nxg3 62. Bd3 Kf6 63. Be2 Nh5 64. Kf2 Ke5 65. Kg2 Nf4+ 0-1

[Event "Regionalliga Sued-Ost 1718"]
[Site "Bayern"]
[Date "2018.03.18"]
[Round "8.2"]
[White "Schwertler, Philipp"]
[Black "Wilhelm, Robert"]
[Result "0-1"]
[WhiteElo "2055"]
[BlackElo "2055"]
[PlyCount "60"]
[EventDate "2017.10.22"]
[EventType "team-tourn"]
[EventRounds "9"]
[EventCountry "GER"]
[SourceTitle "EXT 2022"]
[Source "ChessBase"]
[SourceDate "2021.10.06"]
[SourceVersion "1"]
[SourceVersionDate "2021.10.06"]
[SourceQuality "1"]
[WhiteTeam "Ilmmuenster"]
[BlackTeam "Bruckmuehl SK"]
[WhiteTeamCountry "GER"]
[BlackTeamCountry "GER"]

1. e4 c5 2. Nc3 a6 3. a4 Nc6 4. f4 g6 5. Nf3 Bg7 6. Bc4 e6 7. 0-0 Nge7 8. d3 0-0 9. Ne2 d5 10. Ba2 b5 11. Qe1 Bb7 12. Qh4 Nb4 13. Bb1 dxe4 14. dxe4 Nec6 15. Qh3 Nd4 16. Nexd4 cxd4 17. f5 exf5 18. exf5 Rc8 19. Ng5 h6 20. fxg6 fxg6 21. Qe6+ Kh8 22. Rxf8+ Qxf8 23. Nf7+ Kh7 24. c3 d3 25. Bd2 Bd5 26. Qh3 Bxf7 27. cxb4 Bd4+ 28. Be3 Rc1+ 29. Kf2 Bd5+ 30. Kg3 Be5+ 0-1

[Event "Regionalliga SO 1617"]
[Site "Bayern"]
[Date "2017.04.30"]
[Round "9.3"]
[White "Wilhelm, Robert"]
[Black "Mayr, Florian"]
[Result "1/2-1/2"]
[WhiteElo "2015"]
[BlackElo "2092"]
[PlyCount "120"]
[EventDate "2016.10.16"]
[EventType "team-tourn"]
[EventRounds "9"]
[EventCountry "GER"]
[SourceTitle "EXT 2019"]
[Source "ChessBase"]
[SourceDate "2018.10.10"]
[SourceVersion "1"]
[SourceVersionDate "2018.10.10"]
[SourceQuality "1"]
[WhiteTeam "Bruckmuehl"]
[BlackTeam "Starnberger See"]
[WhiteTeamCountry "GER"]
[BlackTeamCountry "GER"]

1. e4 c5 2. Nc3 e6 3. Nge2 Nc6 4. d4 cxd4 5. Nxd4 a6 6. Nxc6 bxc6 7. Bd3 d5 8. 0-0 Nf6 9. Qe2 Be7 10. e5 Nd7 11. f4 Nc5 12. Kh1 Nxd3 13. Qxd3 0-0 14. Be3 Bd7 15. Rf3 g6 16. Na4 Rb8 17. b3 Qa5 18. c4 Rfd8 19. c5 Qb5 20. Qd4 Qb4 21. Nb6 Qxd4 22. Bxd4 Rxb6 23. cxb6 c5 24. Bc3 d4 25. Ba5 Bc6 26. Rf2 Rd5 27. Rc1 d3 28. Rd2 Bb7 29. Rc4 Bd8 30. Kg1 Bh4 31. g3 Bd8 32. Kf2 f6 33. exf6 Bxf6 34. Bc3 Bd8 35. Ke3 Bxb6 36. Be5 Rd8 37. Rxd3 Bd5 38. Rd1 Bxc4 39. Rxd8+ Bxd8 40. bxc4 Be7 41. g4 Kf7 42. Ke4 Bf8 43. h3 Be7 44. Bc3 Bf8 45. Be1 Bd6 46. Bh4 Bc7 47. Bf2 Bd6 48. Be3 Kf6 49. Bd2 Ke7 50. Bc3 Kf7 51. f5 gxf5+ 52. gxf5 Bg3 53. Be5 Bf2 54. Kf3 Bg1 55. Kg4 Be3 56. Bg3 Bd4 57. Bd6 Be3 58. Be5 Bg1 59. Bf4 Bd4 60. Bg5 Bg7 1/2-1/2

[Event "Regionalliga SO 1617"]
[Site "Bayern"]
[Date "2017.02.19"]
[Round "6.3"]
[White "Wilhelm, Robert"]
[Black "Manakov, Marina"]
[Result "0-1"]
[WhiteElo "2015"]
[BlackElo "2239"]
[PlyCount "146"]
[EventDate "2016.10.16"]
[EventType "team-tourn"]
[EventRounds "9"]
[EventCountry "GER"]
[SourceTitle "EXT 2019"]
[Source "ChessBase"]
[SourceDate "2018.10.10"]
[SourceVersion "1"]
[SourceVersionDate "2018.10.10"]
[SourceQuality "1"]
[WhiteTeam "Bruckmuehl"]
[BlackTeam "Tegernsee"]
[WhiteTeamCountry "GER"]
[BlackTeamCountry "GER"]

1. e4 c6 2. d4 d5 3. Nd2 dxe4 4. Nxe4 Bf5 5. Ng3 Bg6 6. h4 h6 7. Nf3 Nd7 8. h5 Bh7 9. Bd3 Bxd3 10. Qxd3 Ngf6 11. Bd2 e6 12. 0-0-0 Qc7 13. Qe2 0-0-0 14. Ne5 Nb6 15. c4 Rxd4 16. Be3 Qxe5 17. Bxd4 Qxe2 18. Nxe2 Nxc4 19. Bxa7 Nd5 20. Rh4 Ncb6 21. Rg4 Nd7 22. Bd4 e5 23. Bc3 Rg8 24. Ng3 b5 25. Nf5 N7f6 26. Rh4 Nxc3 27. bxc3 Kc7 28. Re1 g6 29. hxg6 Rxg6 30. g3 Bc5 31. Rxe5 Bxf2 32. Re7+ Kb6 33. Rxf7 Nd5 34. Rxh6 Rxh6 35. Nxh6 Be3+ 36. Kc2 Bxh6 37. Kd3 Kc5 38. Rf5 Bg7 39. g4 Kd6 40. Rg5 Bf6 41. Rg8 Nxc3 42. g5 Be5 43. g6 Nd5 44. Rf8 Ne7 45. Rd8+ Ke6 46. Ke4 Nxg6 47. Re8+ Ne7 48. Ra8 Nd5 49. Re8+ Ne7 50. Ra8 Bd6 51. Rh8 b4 52. Rh6+ Kd7 53. Kd3 Kc7 54. Kc4 Nd5 55. Rg6 Be7 56. Rg7 Kb6 57. Rh7 Ne3+ 58. Kd3 Bc5 59. Rh8 Kb5 60. Rb8+ Bb6 61. Rh8 Nc4 62. Kc2 Na3+ 63. Kb3 c5 64. Rg8 c4+ 65. Kb2 Bd4+ 66. Kc1 Be3+ 67. Kd1 c3 68. Rc8 c2+ 69. Rxc2 Nxc2 70. Kxc2 Ka4 71. Kb2 Bd4+ 72. Kc2 Ka3 73. Kb1 Be5 0-1

[Event "Regionalliga SO 1617"]
[Site "Bayern"]
[Date "2017.01.15"]
[Round "4.3"]
[White "Wilhelm, Robert"]
[Black "Wurzel, Andre"]
[Result "1-0"]
[WhiteElo "2015"]
[BlackElo "2189"]
[PlyCount "85"]
[EventDate "2016.10.16"]
[EventType "team-tourn"]
[EventRounds "9"]
[EventCountry "GER"]
[SourceTitle "EXT 2019"]
[Source "ChessBase"]
[SourceDate "2018.10.10"]
[SourceVersion "1"]
[SourceVersionDate "2018.10.10"]
[SourceQuality "1"]
[WhiteTeam "Bruckmuehl"]
[BlackTeam "Ingolstadt"]
[WhiteTeamCountry "GER"]
[BlackTeamCountry "GER"]

1. e4 e6 2. d4 d5 3. Nd2 Be7 4. e5 c5 5. Qg4 Kf8 6. Ndf3 Nc6 7. dxc5 Bxc5 8. Bd3 Nb4 9. Ne2 h5 10. Qh3 Nxd3+ 11. cxd3 Bb4+ 12. Nd2 Qg5 13. f4 Qg4 14. Qxg4 hxg4 15. 0-0 Bc5+ 16. d4 Bb6 17. Nb3 Ne7 18. Ng3 a5 19. a4 Nc6 20. Be3 Nb4 21. Rfc1 Bd7 22. Nc5 Bc6 23. f5 Bxc5 24. Rxc5 Ke7 25. b3 Rhc8 26. Bd2 b6 27. Rc3 Bd7 28. fxe6 Bxe6 29. Rac1 Rxc3 30. Rxc3 Rc8 31. Rxc8 Bxc8 32. Bxb4+ axb4 33. Kf2 f6 34. Ke3 Ke6 35. exf6 Kxf6 36. Nh5+ Kf7 37. Nf4 Bb7 38. Nd3 Kf6 39. Kf4 Bc8 40. Nxb4 g5+ 41. Ke3 Be6 42. Nc6 Kf5 43. Ne5 1-0

[Event "Regionalliga SO 1516"]
[Site "Bayern"]
[Date "2015.12.13"]
[Round "4.2"]
[White "Wilhelm, Robert"]
[Black "Guttenthaler, Franz"]
[Result "0-1"]
[WhiteElo "2081"]
[BlackElo "2228"]
[PlyCount "63"]
[EventDate "2015.10.11"]
[EventType "team-tourn"]
[EventRounds "9"]
[EventCountry "GER"]
[SourceTitle "EXT 2018"]
[Source "ChessBase"]
[SourceDate "2017.10.13"]
[SourceVersion "1"]
[SourceVersionDate "2017.10.13"]
[SourceQuality "1"]
[WhiteTeam "Bruckmuehl"]
[BlackTeam "Germering"]
[WhiteTeamCountry "GER"]
[BlackTeamCountry "GER"]

1. e4 e6 2. d4 d5 3. Nd2 Be7 4. Ngf3 Nf6 5. Bd3 c5 6. dxc5 0-0 7. 0-0 a5 8. c3 Na6 9. e5 Nd7 10. Qc2 h6 11. Bxa6 Rxa6 12. b4 Qc7 13. Re1 axb4 14. cxb4 b6 15. b5 Bxc5 16. Nb3 Ra4 17. Nxc5 Nxc5 18. Be3 Rc4 19. Qe2 Bd7 20. Reb1 Ra8 21. Rb2 Ra5 22. Nd2 Rca4 23. f4 d4 24. Bf2 d3 25. Qd1 Rxf4 26. Be3 Qxe5 27. Bxf4 Qxb2 28. Bc7 Rxb5 29. Kh1 Bc6 30. a4 Nxa4 31. Rxa4 Qxd2 32. Qf1 0-1

[Event "Regionalliga SO 1516"]
[Site "Bayern"]
[Date "2015.10.11"]
[Round "1.1"]
[White "Gabler, Eric"]
[Black "Wilhelm, Robert"]
[Result "1-0"]
[WhiteElo "2022"]
[BlackElo "2081"]
[PlyCount "81"]
[EventDate "2015.10.11"]
[EventType "team-tourn"]
[EventRounds "9"]
[EventCountry "GER"]
[SourceTitle "EXT 2018"]
[Source "ChessBase"]
[SourceDate "2017.10.13"]
[SourceVersion "1"]
[SourceVersionDate "2017.10.13"]
[SourceQuality "1"]
[WhiteTeam "Geiselhoering"]
[BlackTeam "Bruckmuehl"]
[WhiteTeamCountry "GER"]
[BlackTeamCountry "GER"]

1. d4 d5 2. c4 c6 3. Nc3 Nf6 4. Nf3 e6 5. Bg5 h6 6. Bxf6 Qxf6 7. e3 Nd7 8. Bd3 g6 9. 0-0 Bg7 10. e4 dxe4 11. Nxe4 Qe7 12. c5 0-0 13. Nd6 Nf6 14. Ne5 Ne8 15. Ndc4 Qh4 16. Bc2 Qh5 17. Qd2 Nf6 18. Bd1 Qh4 19. g3 Qh3 20. f4 h5 21. Nf3 Nh7 22. Ne3 Rd8 23. Re1 e5 24. fxe5 Bg4 25. Nc4 Bxf3 26. Bxf3 h4 27. Bg2 Qe6 28. Nd6 hxg3 29. hxg3 Rd7 30. Kh2 Re7 31. Bf1 Qg4 32. Re4 Qg5 33. Qg2 b6 34. cxb6 axb6 35. Rf4 Rc7 36. Bc4 Rf8 37. Raf1 Qh6+ 38. Kg1 b5 39. Bb3 c5 40. Nxf7 Qh5 41. Bd1 1-0

[Event "FICGS W-ch st2 g03 email"]
[Site "FICGS email"]
[Date "2015.09.05"]
[Round "1"]
[White "Alban, Alexis"]
[Black "Wilhelm, Robert"]
[Result "1/2-1/2"]
[WhiteElo "2190"]
[BlackElo "2140"]
[PlyCount "108"]
[EventDate "2015.??.??"]
[EventType "tourn (corr)"]
[EventRounds "8"]
[SourceTitle "Corr 2022"]
[Source "ChessBase"]
[SourceDate "2021.10.24"]
[SourceVersion "1"]
[SourceVersionDate "2021.10.24"]
[SourceQuality "1"]

1. d4 d5 2. c4 c6 3. Nf3 Nf6 4. cxd5 cxd5 5. Nc3 Nc6 6. Bf4 Bf5 7. Qb3 Na5 8. Qa4+ Bd7 9. Qc2 e6 10. e3 Be7 11. h3 Ne4 12. Bd3 f5 13. 0-0 Rc8 14. Rfc1 0-0 15. Qd1 Nxc3 16. Rxc3 Rxc3 17. bxc3 b5 18. Ne5 Be8 19. Qb1 a6 20. g4 Qc8 21. gxf5 exf5 22. Qf1 Nc6 23. a4 bxa4 24. Qg2 Nxe5 25. Bxe5 g5 26. Rc1 Qe6 27. c4 Bc6 28. c5 Bf6 29. Bd6 Be7 30. Bc7 Rf7 31. Qg3 Bb5 32. Bc2 Kf8 33. Bb8 a3 34. Bb3 Bc6 35. Kh2 f4 36. exf4 gxf4 37. Bxf4 Rg7 38. Qd3 Bg5 39. Bd6+ Kg8 40. Qf3 Qf7 41. Qxf7+ Rxf7 42. Ra1 Rxf2+ 43. Kg3 Rd2 44. Rxa3 Rxd4 45. Rxa6 Bd7 46. Bc2 Rc4 47. Ra8+ Kg7 48. Bd3 Rh4 49. c6 Bxc6 50. Ra7+ Kg8 51. Bf5 Rh6 52. Be5 Be3 53. Rg7+ Kf8 54. Rc7 Bb6 1/2-1/2

[Event "FICGS W-ch final email"]
[Site "FICGS email"]
[Date "2014.11.14"]
[Round "1"]
[White "Eldridge, Mark"]
[Black "Wilhelm, Robert"]
[Result "1-0"]
[WhiteElo "2184"]
[BlackElo "2061"]
[PlyCount "97"]
[EventDate "2014.??.??"]
[EventType "tourn (corr)"]
[EventRounds "6"]
[EventCategory "5"]
[SourceTitle "Corr 2022"]
[Source "ChessBase"]
[SourceDate "2021.10.24"]
[SourceVersion "1"]
[SourceVersionDate "2021.10.24"]
[SourceQuality "1"]

1. e4 c5 2. Nf3 d6 3. d4 cxd4 4. Nxd4 Nf6 5. Nc3 Bd7 6. f3 e5 7. Nb3 Be7 8. Be3 0-0 9. Qd2 a5 10. a4 Na6 11. g4 Be6 12. 0-0-0 Nb4 13. Kb1 Rc8 14. g5 Nh5 15. Rg1 Qc7 16. Qf2 Bd8 17. h4 f5 18. Bh3 Qe7 19. exf5 Bxf5 20. Bxf5 Rxf5 21. Qe2 Qe6 22. Rge1 Rf8 23. Qb5 b6 24. Rd2 Ng3 25. Bf2 Nf5 26. f4 Bc7 27. fxe5 dxe5 28. Qd7 Qc6 29. Qxc6 Nxc6 30. Nd5 Bd8 31. Rde2 Rb8 32. Nd2 Nfe7 33. Nxe7+ Bxe7 34. Bg3 Bd6 35. Nc4 Bc7 36. Bxe5 Nxe5 37. Nxe5 Rbe8 38. Nc6 Rxe2 39. Rxe2 Rf1+ 40. Ka2 Bg3 41. h5 Rf4 42. Kb3 Kf8 43. Rg2 Bf2 44. c3 Ke8 45. g6 hxg6 46. Rxg6 Rf5 47. Rxg7 Rxh5 48. Re7+ Kf8 49. Re5 1-0

[Event "FICGS W-ch final email"]
[Site "FICGS email"]
[Date "2014.11.14"]
[Round "1"]
[White "Sherwood, Russell"]
[Black "Wilhelm, Robert"]
[Result "1/2-1/2"]
[WhiteElo "2106"]
[BlackElo "2061"]
[PlyCount "83"]
[EventDate "2014.??.??"]
[EventType "tourn (corr)"]
[EventRounds "6"]
[EventCategory "5"]
[SourceTitle "Corr 2022"]
[Source "ChessBase"]
[SourceDate "2021.10.24"]
[SourceVersion "1"]
[SourceVersionDate "2021.10.24"]
[SourceQuality "1"]

1. e4 c5 2. Nf3 d6 3. d4 cxd4 4. Nxd4 Nf6 5. Nc3 Bd7 6. f3 e5 7. Nb3 Be7 8. Be3 0-0 9. Qd2 a5 10. a4 Na6 11. 0-0-0 Be6 12. g4 Nb4 13. Kb1 Rc8 14. g5 Nh5 15. Rg1 Qc7 16. Qf2 Bd8 17. Nc1 f5 18. Qd2 Be7 19. Nd3 Kh8 20. Nxb4 axb4 21. Nd5 Bxd5 22. exd5 Bd8 23. Bb5 Qa5 24. f4 b3 25. c3 Nxf4 26. Bxf4 Rc5 27. Qd3 exf4 28. h4 Rxb5 29. Qxb5 Qxb5 30. axb5 Bb6 31. Rgf1 Be3 32. Rd3 Rc8 33. c4 Rxc4 34. Rxb3 h6 35. gxh6 g6 36. Rc3 Rxc3 37. bxc3 Kh7 38. Kc2 Kxh6 39. c4 g5 40. hxg5+ Kxg5 41. Kd3 Bc5 42. Ke2 1/2-1/2

[Event "FICGS W-ch final email"]
[Site "FICGS email"]
[Date "2014.11.14"]
[Round "1"]
[White "Wilhelm, Robert"]
[Black "Komaromi, Gabor"]
[Result "1/2-1/2"]
[WhiteElo "2061"]
[BlackElo "2154"]
[PlyCount "48"]
[EventDate "2014.??.??"]
[EventType "tourn (corr)"]
[EventRounds "6"]
[EventCategory "5"]
[SourceTitle "Corr 2022"]
[Source "ChessBase"]
[SourceDate "2021.10.24"]
[SourceVersion "1"]
[SourceVersionDate "2021.10.24"]
[SourceQuality "1"]

1. e4 c5 2. Nc3 d6 3. f4 Nc6 4. Nf3 Nf6 5. Bb5 Bd7 6. d3 a6 7. Bc4 e6 8. 0-0 b5 9. Bb3 b4 10. Ne2 Be7 11. Ng3 0-0 12. e5 Nd5 13. exd6 Bxd6 14. Ne4 Be7 15. f5 h6 16. Qe1 Qc7 17. Qf2 Nf6 18. fxe6 Bxe6 19. Bxe6 fxe6 20. Qe2 Ng4 21. c3 Nce5 22. Nxe5 Rxf1+ 23. Kxf1 Nxe5 24. Kg1 bxc3 1/2-1/2

[Event "FICGS W-ch final email"]
[Site "FICGS email"]
[Date "2014.11.14"]
[Round "1"]
[White "Wosch, Arkadiusz Janusz"]
[Black "Wilhelm, Robert"]
[Result "1-0"]
[WhiteElo "2222"]
[BlackElo "2061"]
[PlyCount "119"]
[EventDate "2014.??.??"]
[EventType "tourn (corr)"]
[EventRounds "6"]
[EventCategory "5"]
[SourceTitle "Corr 2022"]
[Source "ChessBase"]
[SourceDate "2021.10.24"]
[SourceVersion "1"]
[SourceVersionDate "2021.10.24"]
[SourceQuality "1"]

1. e4 c5 2. Nf3 d6 3. d4 cxd4 4. Nxd4 Nf6 5. Nc3 Bd7 6. Bg5 e6 7. Qd2 a6 8. 0-0-0 h6 9. Bh4 Nxe4 10. Qf4 Ng5 11. Qe3 Be7 12. f4 Nh7 13. Bxe7 Qxe7 14. g4 Nc6 15. Bg2 0-0 16. h4 Rae8 17. g5 d5 18. Bf3 Kh8 19. Nb3 Rd8 20. Kb1 Bc8 21. Rhe1 Qc7 22. Nd4 Rg8 23. a3 Na5 24. Be2 b5 25. b3 Nc6 26. gxh6 Qa7 27. hxg7+ Rxg7 28. h5 Nxd4 29. Rxd4 Rdg8 30. f5 Qc7 31. Bf3 Rg5 32. fxe6 fxe6 33. Ne2 Rf8 34. Rf4 Rd8 35. Rd4 Rf8 36. Rf4 Rd8 37. Rg4 Qe5 38. Qxe5+ Rxe5 39. Reg1 Re3 40. Nf4 e5 41. Ng6+ Kg7 42. R4g2 e4 43. Bd1 Kf6 44. Rf1+ Ke6 45. Nf4+ Ke5 46. Rg7 Rd7 47. Ng6+ Kd6 48. h6 Rh3 49. Bg4 Rxh6 50. Bxd7 Bxd7 51. Rff7 Bc8 52. Ne7 Rh1+ 53. Kb2 Be6 54. Rxh7 Bxf7 55. Rxh1 Kxe7 56. Rh6 a5 57. Kc3 Kd7 58. Rb6 b4+ 59. axb4 axb4+ 60. Kd4 1-0

[Event "FICGS W-ch st1 g05 email"]
[Site "FICGS email"]
[Date "2014.11.01"]
[Round "1"]
[White "Wilhelm, Robert"]
[Black "Laine, Jari"]
[Result "1-0"]
[WhiteElo "2061"]
[BlackElo "1534"]
[PlyCount "59"]
[EventDate "2014.??.??"]
[EventType "tourn (corr)"]
[EventRounds "8"]
[SourceTitle "Corr 2022"]
[Source "ChessBase"]
[SourceDate "2021.10.24"]
[SourceVersion "1"]
[SourceVersionDate "2021.10.24"]
[SourceQuality "1"]

1. e4 d5 2. exd5 Qxd5 3. Nc3 Qd6 4. g3 Nf6 5. Bg2 Bg4 6. Nge2 c6 7. h3 Bxe2 8. Qxe2 e6 9. 0-0 Be7 10. b4 0-0 11. Rb1 a6 12. a4 Nd5 13. Ne4 Qc7 14. d4 Nd7 15. Bd2 b5 16. a5 N7f6 17. Nc5 Ne8 18. Be4 Nd6 19. Bd3 Rfe8 20. c3 Nb7 21. Nxb7 Qxb7 22. Rfe1 Rad8 23. h4 Bd6 24. Qf3 Qd7 25. Re2 Bb8 26. Rbe1 h6 27. Bc2 Qe7 28. Qd3 Nf6 29. g4 g6 30. Bxh6 1-0

[Event "FICGS W-ch st1 g05 email"]
[Site "FICGS email"]
[Date "2014.11.01"]
[Round "1"]
[White "Wilhelm, Robert"]
[Black "Van Dijk, Erik"]
[Result "1-0"]
[WhiteElo "2061"]
[BlackElo "1865"]
[PlyCount "97"]
[EventDate "2014.??.??"]
[EventType "tourn (corr)"]
[EventRounds "8"]
[SourceTitle "Corr 2022"]
[Source "ChessBase"]
[SourceDate "2021.10.24"]
[SourceVersion "1"]
[SourceVersionDate "2021.10.24"]
[SourceQuality "1"]

1. e4 c5 2. Nc3 a6 3. Nge2 b5 4. d4 cxd4 5. Nxd4 Bb7 6. Bd3 e6 7. 0-0 Nc6 8. Nxc6 Bxc6 9. Re1 Bc5 10. Qh5 Qb6 11. Be3 Bxe3 12. Rxe3 Ne7 13. Nd5 Qd8 14. c3 Ng6 15. Nb4 Bb7 16. Bc2 0-0 17. Rd1 Qc7 18. e5 a5 19. Nd3 h6 20. Ne1 Nf4 21. Qg4 Nd5 22. Qe4 f5 23. exf6 Nxf6 24. Qg6 h5 25. Nf3 Bxf3 26. Rxf3 b4 27. Rd4 bxc3 28. bxc3 d5 29. Rdf4 Qe5 30. g3 Rad8 31. Kg2 a4 32. Rxa4 Rf7 33. Rh4 Rdf8 34. a4 Rc8 35. Re3 Qd6 36. Rxh5 Qc6 37. Rf3 d4 38. Rh4 dxc3 39. Be4 Qxe4 40. Rxe4 c2 41. Re1 c1Q 42. Rxc1 Rxc1 43. Rb3 Rc8 44. a5 Ra8 45. a6 Rxa6 46. Rb8+ Rf8 47. Rb7 Ne8 48. Re7 Ra8 49. h4 1-0